000 00242nam a22001097a 4500
082 _a303
100 _aJamal,Arif
_983464
245 _aLashkar-e-Taiba 1985-2014
260 _aDelhi
_bKautilya
_c2015
650 _aTerrorism
_917107
942 _cBK
999 _c68390
_d68390